| 000 | 003230000a22000970004500 | ||
|---|---|---|---|
| 100 | 1 | _aGrindheim, Sigurd | |
| 245 | 1 | 0 | _aTHe law kills but the gospel gives life : The letter-spirit dualism in 2 Corithinas 3.5-18 |
| 300 | _aNúm 84 (2001), Páginas 97-115 | ||
| 773 | 0 | _tJournal for the Study of the New Testament | |
| 942 | _cANA | ||
| 999 |
_c55541 _d55541 |
||